00473nam a2200121Ia 4500008004100000020002200041100002500063245014800088260003800236300002600274650002400300650002700324200909s9999 xx 000 0 und d a978-621-04-0096-0 aPawilen, Greg Tabios cPawilen, Greg Tabios, Ericson M. Reyes, John Amiel A. Rivera, Trixie Marie J. SisonaField study 1:ba guide for 21st century student teachers/ aQuezon City:bREX Bookstorec2019 avi, 199 pagesc25 cm. aCurriculum planning aEducation -- curricula